000 00521cam a2200193 4500
001 5071
005 20181127174722.0
008 710923s1971 ii 001 0 eng
010 _a 73919620
020 _a9789351451556
_c
_z
043 _aa-ii---
100 1 _aSingh, Avtar,
_d1932-
245 1 0 _aCompany law /
_cAvtar Singh.
246 _aIndian company law
_b
_f
_h
_i
_n
_p
250 _a16th ed.
260 _aLucknow :
_bEastern Book Co.,
_c2015.
300 _acxliv, 783 p. ;
_c22 cm.
650 0 _aCorporation law
_zIndia.
999 _c4238
_d4238